Practical site management: An illustrated guide (Record no. 31341)

MARC details
000 -LEADER
fixed length control field 00329nam a2200121Ia 4500
082 ## - DEWEY DECIMAL CLASSIFICATION NUMBER
Classification number 069.05
Item number HED
100 ## - MAIN ENTRY--AUTHOR NAME
Personal name Grarrett, Chris
245 #0 - TITLE STATEMENT
Title Practical site management: An illustrated guide
260 ## - PUBLICATION, DISTRIBUTION, ETC. (IMPRINT)
Place of publication Great Britain
Name of publisher George Godwin
Year of publication 1976
700 ## - ADDED ENTRY--PERSONAL NAME
Personal name Hedley, G
942 ## - ADDED ENTRY ELEMENTS (KOHA)
Koha item type Books
Holdings
Withdrawn status Lost status Damaged status Not for loan Home library Current library Date acquired Cost, normal purchase price Full call number Accession Number Koha item type
        RRII Library RRII Library 16/12/2021 4.50 069.05 HED 11887 Books